000 00668nam a2200265Ia 4500
005 20260121161355.0
008 008 260114s9999 xx 000 0 eng d
020 _a9780429068331
037 _aEBOOK
040 _aCRL
040 _beng
040 _cCRL
041 _2eng
041 _aeng
084 _qCRL
100 _aBiology and Culture of Asian Seabass Lates Calcarifer
_91043737
245 0 _aDean R. Jerry
260 _bTaylor and Francis
260 _c2014
650 _aMarine & Aquatic Science
_91043738
856 _uhttp://www.taylorfrancis.com/books/9780429068331
942 _cEBOOK
999 _c1610273
_d1610273